[Event "Sinquefield Cup 5th"]
[Site "Saint Louis"]
[Date "2017.08.05"]
[Round "4"]
[White "Nepomniachtchi, Ian"]
[Black "Nakamura, Hikaru"]
[Result "1-0"]
[WhiteElo "2742"]
[BlackElo "2792"]
[Annotator "Sumets,A"]
[PlyCount "65"]
[EventDate "2017.08.02"]
[EventType "tourn"]
[EventRounds "9"]
[EventCountry "USA"]
[EventCategory "22"]
[SourceTitle "CBM 180"]
[Source "ChessBase"]
[SourceDate "2017.09.13"]
[SourceVersion "1"]
[SourceVersionDate "2017.09.13"]
[SourceQuality "1"]

1. d4 Nf6 2. c4 e6 3. Nf3 d5 4. Nc3 Be7 5. Bf4 O-O 6. e3 c5 7. dxc5 Bxc5 8.
cxd5 Nxd5 9. Nxd5 exd5 10. Bd3 (10. a3 {is the main line, but nowadays it is
considered as the drawish line. For instance this game} Nc6 11. Bd3 Bb6 12. O-O
Bg4 13. h3 Bh5 14. b4 a6 (14... d4 $5 15. b5 Na5 16. exd4 Qd5 17. Re1 Rfe8 $6 (
17... Bxf3 18. Qxf3 Qxf3 19. gxf3 Nb3 20. Rad1 Nxd4 21. Kg2 Rad8 {Black should
equalise}) 18. Rxe8+ Rxe8 19. Rc1 (19. Rb1 $1 Bxf3 20. Qxf3 Qxf3 21. gxf3 Bxd4
22. Be4 $14) 19... Bxf3 20. Qxf3 Qxf3 21. gxf3 Nb3 22. Rc3 Nxd4 $11 {Huebner,R
(2583)-Prusikin,M (2528) Switzerland SUI 2016 1-0 (70)}) 15. Rb1 d4 16. b5 (16.
exd4 Nxd4 17. g4 Bg6 18. Bxg6 hxg6 $11) (16. e4 Bc7 17. Bxc7 Qxc7 18. Rc1 Qe7
$11) 16... axb5 17. Rxb5 Bxf3 18. Qb1 $1 Bc7 $1 19. Bxh7+ Kh8 20. gxf3 Bxf4 21.
exf4 Ne7 22. Rh5 (22. Be4 f5 23. Bxf5 (23. Bxb7 Rb8 24. Rd1 Ng6 25. Rxf5 Nxf4
26. Qe4 Qh4 27. a4 d3 $1 (27... Nxh3+ $6 28. Kg2 Nf4+ 29. Qxf4 Qxf4 30. Rxf4
Rxf4 31. Rh1+ Kg8 32. Bd5+ Rf7 (32... Kf8 $4 33. Rh8+ $18) 33. Ra1 $16) 28. Bc6
Rxf5 29. Qxf5 Nxh3+ 30. Kg2 Nf4+ 31. Kg1 $11) 23... Nd5 24. Rxb7 Nxf4 25. Kh2
Qf6 $11) 22... Ra5 23. Bf5+ (23. Rxa5 Qxa5 24. Re1 Qxa3 25. Qxb7 Kxh7 26. Qxe7
Qxe7 27. Rxe7 Rd8 28. Kf1 d3 29. Ke1 d2+ 30. Kd1 Kg6 $11) 23... Kg8 24. Bh7+
Kh8 25. Bf5+ Kg8 26. Bh7+ {1/2 (26) Inarkiev,E (2727) -Nakamura,H (2786)
Moscow RUS 2017}) 10... Bb4+ 11. Nd2 (11. Ke2 Nc6 12. Qc2 h6 13. Rhd1 Be6 14.
Kf1 Rc8 15. Qe2 Bd6 16. Bxd6 Qxd6 17. Kg1 Ne5 18. Nd4 Ng4 19. Nf3 Ne5 {Bacrot,
E (2700)-Sokolov,A (2594) 1/2 (42) France 2008. Black has got a slightly worse
but very solid position.}) (11. Kf1 {This is a risky continuation. White wants
to play h4, Ng5 and if Black plays ...h6 to prevent Ng5 then he will play Bc2,
Qd3. You can find more about this line if you check the game Jobava,B
-Rustemov Aeroflot op, which is annotated by Rustam Dautov.} Nc6 12. h4 Bd6 13.
Bxd6 Qxd6 14. h5 Qf6 15. Rh4 Qxb2 16. Rb1 Qf6 17. Rf4 Qe7 18. h6 $6 g5 19. Ra4
(19. Rf5 Bxf5 20. Bxf5 Qf6 21. g4 Ne7 22. Nd4 Qxh6 $19 {Adianto,U (2615)
-Mikhalevski,A (2485) Biel 1998 1/2 (57)}) 19... Qf6 20. Bb5 Rd8 {Black will
gain the h6-pawn and White should try to prove that he has enough compensation
for 2 pawns to equalise the game.}) 11... Nc6 12. O-O Be6 {I don't think that
Black should hurry with ...Be6. After Nf3 he could have played ...Bg4. Let's
examine other continuations:} (12... Bd6 {leads to passive and worse positions.
For example} 13. Bxd6 Qxd6 14. Nb3 (14. Nf3 Ne5 (14... Bg4 $2 15. Bxh7+ $16)
15. Be2 Bd7 16. Qd4 Nc6 17. Qd2 Bg4 18. Rfd1 Rfd8 19. h3) 14... Be6 15. Bb5 Ne5
16. Be2 Rfd8 17. Nd4 Rac8 18. Qb3 b6 19. Rfd1 $14 {Pechac,J (2441) -Nowak,K 
(2318) Rymanow-Zdroj POL 2017 1-0 (49)}) (12... Be7 {I think that this is the
strongest move. The bishop can achieve nothing on b4 and when compared with 12.
..Be6 13.Nf3 Be7 Black can meet Nf3 with ...Bg4. Hikaru played 12...Be7 in his
next game against Magnus Carlsen.} 13. Rc1 (13. a3 Bf6 14. Nf3 (14. Qc2 g6 (
14... h6 {is possible as well}) 15. Rac1 Be6 16. Nb3 Rc8 17. Nc5 Ne5 18. Bxe5
Bxe5 19. f4 Bg7 20. Nxe6 $11 {1/2 (20) Kortschnoj,V (2634)-Kasimdzhanov,R 
(2653) Bled 2002}) 14... Qe7 15. h3 g6 16. Qd2 Be6 17. Rac1 Rfd8 18. b4 a6 19.
Rc2 Qd7 20. Rfc1 Bf5 21. Bxf5 Qxf5 22. Bc7 Rd7 23. Bb6 Qe4 24. Rd1 $14 {
Giri,A (2771) -Karjakin,S (2781) Stavanger NOR 2017 1/2 (76)}) 13... Bf6 14.
Nf3 Qe7 15. h3 g6 (15... Be6 $5 16. Qe2 Rac8) 16. Bb5 Bd7 17. Qxd5 Be6 18. Qe4
Bxb2 19. Bxc6 f5 20. Bg5 fxe4 21. Bxe7 Bxc1 22. Bxb7 Bxe3 23. Bxf8 Rxf8 24.
fxe3 exf3 25. Bxf3 $14 {Carlsen, M (2822)-Nakamura,H (2792) Saint Louis USA
2017 1/2 (94)}) 13. Nf3 Be7 $146 (13... Bg4 {Black can play ...Be6 and ...Bg4,
but everyone would try to play ...Bg4 in one move.} 14. h3 Bh5 15. Be2 Re8 16.
Rc1 Be7 17. Ne5 Bxe2 18. Qxe2 Qb6 19. Rfd1 Rad8 20. Qc2 Nxe5 21. Bxe5 $14 {
Gabriel, R (2255)-Klovans,J (2440) Schwaebisch Gmuend 1993 1-0 (54)}) 14. Rc1
Bf6 15. a3 $5 (15. Qd2 {White could have finished the developing of his pieces
after Qd2, Rd1:} a6 16. h3 Rc8 17. b4 Qe7 (17... d4 18. Rfd1 $1 (18. e4 Be7 19.
a3 Qd7 20. Rfd1 $14) 18... dxe3 (18... Qd5 19. a3 Rfd8 20. exd4 Nxd4 21. Nxd4
Qxd4 22. Rxc8 Rxc8 23. Bxh7+ Kxh7 24. Qxd4 Bxd4 25. Rxd4 {Black has good
chances to make a draw.}) 19. Qxe3 Qe8 20. Qb6 Bd5 21. Ng5 Bxg5 22. Bxg5 $16)
18. a3 Rfd8 (18... d4 $2 19. Nxd4 Nxd4 20. exd4 Bxd4 21. Bxh7+ $16) 19. Rfe1 h6
20. Bb1 {White is slightly better.}) 15... Qe7 ({Of course Black shouldn't play
} 15... d4 $6 {due to} 16. e4 Re8 17. e5 Be7 18. Nd2 $14) 16. b4 a6 17. h3 {
Now Black is OK.} ({I'm not sure if Black can equalise after} 17. Nd4 $5 Nxd4 (
17... Bxd4 18. exd4 Qf6 (18... Nxd4 $6 19. Be3 Nc6 20. Bc5 $16) 19. Be3 Bf5 20.
Be2 Rfe8 21. Rc5 Rad8 22. Qd2 h6 23. Rfc1 $14) 18. Rc7 Qd8 19. exd4 b5 (19...
Bxd4 $6 20. Bxh7+ Kxh7 21. Qxd4 b5 22. Rfc1 $16) 20. Qa1 Rc8 21. Rfc1 $14)
17... Rac8 18. Rc5 $5 {After 18.Qd2 the most likely result is a draw. So Ian
chose another move that provokes ...a5.} (18. Qd2 Rfd8 19. Rfd1 h6 {White is
better but Black's position is very solid.}) 18... a5 $5 (18... h6 {was
possible as well:} 19. Qd2 Rfd8 20. Rfc1 Qe8 21. Bb1 Be7 22. Qd3 $1 g6 (22...
Bxc5 $6 23. Qh7+ Kf8 24. bxc5 f6 25. Bd6+ Ne7 26. Rd1 $16) 23. Bxh6 d4 24. exd4
Bxc5 25. bxc5 Bd5 26. Nd2 $13) 19. Qb1 axb4 20. axb4 b6 $2 {It is not easy to
understand why Hikaru didn't play 20...h6:} (20... h6 21. Rfc1 Ra8 {Black's
position is not worse, he is threatening ...Ra1} 22. Qb3 (22. b5 Ra1 23. Qxa1 (
23. Qc2 $4 Nb4 $19) 23... Bxa1 24. bxc6 bxc6 25. Rxc6 Bb2 26. Bd6 Qb7 27. Bxf8
Bxc1 28. Rxc1 Kxf8 {White should make a draw.}) 22... d4 23. Bc4 dxe3 24. Bxe3
Bxc4 25. Qxc4 $11) 21. Rcc1 g6 $2 (21... Nxb4 22. Bxh7+ Kh8 23. Bf5 Rc4 24. Ne5
Bxe5 25. Bxe5 $14 {It is obvious that White's position is better but Black's
position is not hopeless.}) 22. Ba6 {White wins an exchange and game is over.}
Nxb4 (22... Bf5 23. Qb3 Ne5 24. Bxc8 Nxf3+ 25. gxf3 Bxc8 26. Qxd5 $18) (22...
Ra8 23. Rxc6 Rxa6 24. Bd6 Qd7 25. Bxf8 Kxf8 (25... Qxc6 26. b5 $18) 26. b5 $18)
23. Bxc8 Rxc8 24. Rxc8+ Bxc8 25. Rc1 $18 ({or} 25. Be5 Bxe5 26. Nxe5 $18) 25...
Bf5 26. Qb3 Nd3 27. Rc7 Qd8 28. Bg3 h5 29. Qxb6 h4 30. Bd6 Be4 31. Qc6 Kg7 32.
Rc8 d4 33. Qxe4 1-0

[Event "Geneva FIDE GP"]
[Site "Geneva"]
[Date "2017.07.09"]
[Round "4"]
[White "Svidler, Peter"]
[Black "Adams, Michael"]
[Result "1-0"]
[WhiteElo "2749"]
[BlackElo "2736"]
[Annotator "Sumets,A"]
[PlyCount "79"]
[EventDate "2017.07.06"]
[EventType "swiss"]
[EventRounds "9"]
[EventCountry "SUI"]
[SourceTitle "CBM 180"]
[Source "ChessBase"]
[SourceDate "2017.09.13"]
[SourceVersion "1"]
[SourceVersionDate "2017.09.13"]
[SourceQuality "1"]

1. c4 e6 2. Nc3 d5 3. d4 Nf6 4. Nf3 Be7 5. Bf4 O-O 6. e3 Nbd7 7. Qc2 c5 8. cxd5
({Another interesting continuation is} 8. Rd1 cxd4 9. Rxd4 Qa5 10. Bg3 b5 $5 {
Levon has found an interesting pawn sacrifice.} ({I don't think that White has
any advantage after} 10... Nb6 11. Nd2 dxc4 12. Bxc4 (12. Nxc4 Nxc4 13. Bxc4
Bd7 14. O-O Rfd8 $11) 12... Nxc4 13. Nxc4 Qa6 14. O-O Rd8 15. Rxd8+ Bxd8 16.
Ne5 Bd7 17. Nxd7 Nxd7 18. Rd1 Nf6 {Vachier Lagrave,M (2686)-Adams,M (2722)
Istanbul 2012 1/2 (36), White's advantage is negligeable and Michael easily
made a draw.}) 11. cxb5 Bb7 12. Bd3 (12. Be2 Rfc8 13. O-O Bb4 14. Qb1 Bxc3 15.
bxc3 Ne4 16. c4 Nc3 17. Qc2 Nxe2+ 18. Qxe2 Rxc4 19. Rxc4 dxc4 20. Qxc4 Nb6 $11)
12... Nc5 13. Ne5 (13. O-O {and the opponents agreed to a draw in Bacrot,
E-Aronian,L 2011.}) 13... Rfc8 14. O-O Nxd3 15. Qxd3 a6 16. a4 Nh5 17. Bh4 Bc5
18. Nxd5 Bxd5 19. Rxd5 Qxa4 20. Rd8+ Rxd8 21. Bxd8 Qxb5 22. Qxb5 axb5 $11 {
Inarkiev,E (2660)-Aronian,L (2784) Skopje MKD 2015 1/2 (58)}) 8... Nxd5 ({
It would be interesting to know what Peter had in mind after} 8... cxd4 {
I believe that it is the most reliable continuation and Black can easily get
an equal position.} 9. exd4 (9. d6 {was played once. Despite the fact, that
White won this game, I think that Black's chances are not worse.} dxc3 10. bxc3
(10. Rd1 Nd5 11. dxe7 Qxe7 12. Bg3 Qb4 13. bxc3 Qxc3+ 14. Qxc3 Nxc3 15. Rd4 Nb6
16. Kd2 Nxa2 17. Be2 a5 $15) 10... e5 11. dxe7 Qxe7 12. Bg3 Qc5 $6 (12... b6 $1
13. Be2 Bb7 14. O-O Ne4 $15) 13. Rb1 a6 14. Be2 b6 15. O-O Bb7 16. Qa4 Rfe8 $11
{Kempinski, R (2528)-Krainski,A (2271) Bydgoszcz 2000 1-0 (39)}) (9. Nxd4 $2 e5
10. Nf5 exf4 11. d6 Bxd6 12. Nxd6 fxe3 13. fxe3 Ng4 $17) (9. dxe6 $6 {My
computer and I don't see full compensation for the sacrificed piece.} dxc3 10.
exf7+ Rxf7 (10... Kh8 $5 11. bxc3 Nd5 12. Bg3 Qa5 {seems to be good for Black
as well.}) 11. bxc3 Nd5 12. Bc4 N7b6 13. Bb3 Be6 14. Rd1 Qc8 15. Be5 Nc4 16.
O-O Ndb6 17. Nd4 Bg4 18. f3 Bd7 $17 {Isigkeit,H (2421)-Sawiniec,D (2411) ICCF
2008 0-1 (61)}) 9... Nxd5 10. Nxd5 exd5 11. Be2 Bb4+ 12. Bd2 Bxd2+ 13. Qxd2 Nf6
14. O-O $11 {1/2 (14) Van Wely,L (2643)-Asrian,K (2566) New Delhi/ Teheran 2000
} Bg4 15. Rfe1 Rc8 16. Ne5 Ne4 17. Qb4 Bxe2 18. Rxe2 Qc7 19. Rae1 Rfd8 20. Qb3
h6 21. h3 Ng5 22. f3 Ne4 {1/2 (22) Maiwald,J (2471)-Cyborowski,L (2510)
Germany 2015}) 9. Nxd5 exd5 10. Bd3 Qa5+ (10... h6 11. dxc5 {This seems to be
the strongest continuation} ({After} 11. O-O {Black could play} c4 $5 12. Be2
b5 13. Rad1 Bb7 $132) 11... Nxc5 12. O-O Bg4 13. Bf5 ({Vladimir could have
played} 13. Bh7+ Kh8 14. Bf5 {probably he wants to win a tempo after possible
moves ...Bxf3 gxf3 and then Kh1, Rg1 attacking the h6-pawn}) 13... Bxf3 14.
gxf3 Ne6 15. Bg3 Qb6 16. Rfd1 Rfd8 17. Be5 Rac8 18. Qe2 Rc6 19. f4 Nc7 $6 (
19... Nc5 20. Bh3 Bf6 21. Bxf6 Rxf6 22. Rd4 Ne6 $11) 20. Rd3 Bf6 21. Rb3 $14 {
Fedoseev,V (2690)-Jakovenko,D (2718) Minsk BLR 2017 1-0 (45)}) 11. Qc3 Qb6 ({
It seems to me that Black could equalise after} 11... Qxc3+ 12. bxc3 Nf6 (12...
c4 $6 13. Bc2 f5 14. a4 Nf6 15. Ne5 Ne4 16. Bxe4 fxe4 17. Ke2 {White has
better chances}) 13. O-O Ne4 14. Rfc1 Be6 15. Rab1 b6 16. h3 f6 17. a4 Bd6 $6 (
17... g5 $5 18. Bh2 c4 19. Bxe4 dxe4 20. Nd2 Bd5 21. a5 Kf7 22. axb6 axb6 23.
Rxb6 Ra2 24. Nf1 Rd8 $44) 18. Bxe4 Bxf4 19. Bxh7+ Kxh7 20. exf4 $14 {Bruzon
Batista,L (2643)-Oparin,G (2609) Linares ESP 2017 1/2 (38). Black has some
small compensation for the sacrificed pawn.}) 12. a3 $146 {Now if Black plays .
..c4 then White can answer Bc2.} (12. O-O c4 {Since Black traded knights and
White doesn't have a plan, which is connected with Ne5, Bg5, f4, etc, Black
can play ...c4.} 13. Be2 $6 (13. Bc2 $2 Bb4 14. Bc7 Bxc3 15. Bxb6 Bxb2 $17) (
13. Bb1 $142) 13... Nf6 14. Qc2 g6 15. b3 Bf5 16. Qd1 Rac8 17. bxc4 dxc4 18.
Rc1 c3 $17 19. Bd3 Bxd3 20. Qxd3 Nd5 21. Bh6 Rfd8 22. Ne1 $2 g5 {0-1 (22)
Mihajlov,S (2185)-Houska,J (2414) Caleta 2014}) 12... cxd4 ({Even here the
computer recommends} 12... c4 13. Bc2 {It 's obvious that White's bishop
should be placed on c2, but it is not clear if White has chances to get an
advantage.} Nf6 14. O-O Be6 15. Ng5 (15. Ne5 Nh5 16. Bg3 Nxg3 17. hxg3 Rfd8 18.
Rae1 Rac8 $11) 15... Bd7 16. Be5 (16. Rae1 Rfe8 17. Be5 h6 18. Nf3 Rac8 {
Black has a plan connected with ...b5, ...a5, ...b4 and it is not easy to
recommend a plan for White.}) 16... h6 17. Bxf6 Bxf6 18. Nh7 Rfe8 19. Nxf6+
Qxf6 $11) 13. Qxd4 Nc5 14. Bc2 Qb5 (14... Qa6 15. Be5 f6 16. Bg3 Rd8 17. Bc7
Ne6 18. Qh4 Nxc7 19. Qxh7+ Kf8 (19... Kf7 $4 20. Rc1 Qb6 21. Bg6+ Ke6 22. Rxc7
Qxc7 23. Nd4+ Kd6 24. Nb5+ $18) 20. Qh8+ Kf7 21. Qh5+ Kf8 $11) 15. Be5 f6 16.
Bg3 Qc4 $2 {After this mistake Black is in big danger.} ({I think that Black
should have played} 16... Rd8 {and the position which has arisen is rather
equal.} 17. Rd1 (17. Bc7 Rd7 18. Bg3 Rd8 $11) (17. Qd2 $6 Qxb2 18. Bxh7+ $4 (
18. O-O Ne4 19. Bxe4 (19. Qc1 $142 Qxc1 20. Rfxc1 Bd7 21. Bb3 Bc6 $17) 19...
Qxd2 20. Bxh7+ Kxh7 21. Nxd2 d4 $17) 18... Kxh7 19. Qxb2 Nd3+ $19) (17. b4 Ne6
18. Qd2 a5 19. Bd3 Qb6 20. Rb1 axb4 21. axb4 d4 $11) 17... g6 18. h4 (18. b4 $6
Ne6 19. Qd3 Qxd3 20. Bxd3 a5 $15 {and White has some problems}) 18... Be6 19.
h5 Ne4) 17. Rc1 Qxd4 {This leads to a difficult endgame with an isolated pawn.
I think that Michael should have kept queens on the board.} (17... g6 $5 18.
Qd2 Qa6 19. Nd4 (19. Qxd5+ $2 Be6 20. Qd1 Bc4 21. b4 Rfd8 $17) 19... Bd7 20. f3
Rfe8 21. Kf2 $14) 18. Nxd4 a5 {Black prevents b4, but now White can play Nb5.}
(18... a6 19. b4 Ne4 20. Bb3 Rd8 21. Bc7 $1 (21. Rc7 Kf8 22. Bf4 Nd6 23. Ke2
$16) 21... Rd7 22. Ba5 Bd8 23. f3 Ng5 24. Bxd8 Rxd8 25. Kf2 Kf8 26. Rc5 {
White should win this endgame.}) 19. Nb5 Rd8 ({Probably Michael evaluated the
position after} 19... Be6 $5 20. Nc7 Rac8 21. b4 Rxc7 22. Bxc7 Rc8 23. bxc5
Rxc7 24. Bb3 $16 {as hopeless but it seems to me that other continuations are
even worse.}) 20. Nc7 Ra7 21. Rd1 Kf7 22. Nxd5 {White just won a pawn without
any compensation.} b5 {In searching for counterplay.} 23. O-O Bf8 $6 (23... g6
24. Nxe7 Kxe7 25. Rxd8 Kxd8 {White should easily win it.}) 24. Bxh7 {White has
gained a second pawn, Black's position is hopeless.} g5 ({Of course Black
can't win the bishop due to} 24... g6 25. Bxg6+ Kxg6 26. Nf4+ $18) 25. h4 Be6
26. e4 gxh4 27. Bxh4 Bxd5 28. Rxd5 Rxd5 29. exd5 $18 {White has 2 extra pawns
and the bishop pair and despite the weakness of his b2-pawn, Peter easily won
the game.} Na4 30. Rc1 Rd7 $1 {This is Black's best chance. Michael found a
way to win the d5-pawn, but his position is still hopeless.} (30... Nxb2 31.
Rc6 Bxa3 32. Bxf6 Nc4 33. Bd4 Rb7 34. g4 {Black can't stop the g4-pawn.}) 31.
Rc6 $1 Rxd5 32. Rxf6+ Kg7 33. Bc2 $1 Nxb2 34. Rg6+ Kf7 35. Rf6+ Kg7 36. Rb6 $1
Bc5 (36... Bd6 37. Rb7+ Kf8 38. g3 Bxa3 39. Bf6 Nd3 40. Bb3 $18) (36... Bxa3 {
Black can't take on a3 due to} 37. Bf6+ Kf8 38. Rb8+ Kf7 39. Bxb2 Bxb2 40. Bb3)
37. Rb7+ Kf8 38. Bg6 Bd4 39. Be7+ Kg8 40. Bf6 1-0

[Event "Match/Nation DDR-POL U26"]
[Site "Zinnowitz"]
[Date "1979.10.27"]
[Round "2.4"]
[White "Tischbierek, Raj"]
[Black "Borkowski, Franciszek"]
[Result "1-0"]
[WhiteElo "2315"]
[BlackElo "2395"]
[Annotator "Tischbierek,R"]
[PlyCount "85"]
[EventDate "1979.10.26"]
[EventType "team"]
[EventRounds "4"]
[EventCountry "DDR"]
[SourceTitle "EXT 2013"]
[Source "ChessBase"]
[SourceDate "2012.11.22"]
[SourceVersion "1"]
[SourceVersionDate "2012.11.22"]
[SourceQuality "1"]

{SCHACH 12/1979 Seiten 542-543} 1. c4 e6 2. Nf3 d5 3. d4 Nf6 4. Nc3 Be7 5. Bf4
O-O 6. e3 c5 7. dxc5 Bxc5 8. Rc1 ({Stärker ist} 8. Qc2 {Allerdings waren meine
Theoriekenntnisse in dieser Variante nicht allzu gut, so dass ich mich zu
einem selten gespielten Zug entschloß.}) 8... Nc6 9. cxd5 exd5 10. Be2 Be6 $2 {
Falsche Stellungseinschätzung! Zwar bekommt Schwarz keine Sorgen mit seinem
Isolani, aber die weißen Figuren erhalten hervorragende Stützpunkte.} ({
Ausgeglichen hätte hier} 10... d4 11. exd4 Nxd4 12. Nxd4 Qxd4 13. Qxd4 Bxd4 14.
O-O Bxc3) 11. O-O Rc8 12. Nb5 $1 Ne4 13. Nfd4 {Der weiße Angriff ist jetzt
offensichtlich.} (13. Nd2 $1) 13... a6 14. Nxc6 Rxc6 15. Nd4 Rc8 16. Qd3 Qf6 $6
{[#]Leicht ist es, diesen Zug zu tadeln, schwieriger, einen besseren zu finden.
Es drohte 17. Sb3 mit weiterer Verstärkung der Stellung.} 17. f3 $1 Bxd4 ({
Da nun} 17... Ng5 {an} 18. h4 $1 {scheitert, ist Schwarz gezwungen, in ein
schwieriges Endspiel einzulenken.}) 18. Qxd4 ({Unklar ist} 18. Rxc8 Rxc8 19.
fxe4 Bxb2 20. exd5 Bf5 $1) 18... Qxd4 19. exd4 Nf6 20. Bd3 g6 21. Rxc8 Rxc8 22.
Rc1 Rxc1+ 23. Bxc1 {Es ist klar, dass es Schwarz gegen das weiße Läuferpaar
schwer haben wird.} Ne8 24. Kf2 Nd6 25. g4 Bd7 26. Bf4 Nb5 27. Ke3 f6 $2 {
Danach geht plötzlich der Springer verloren.} ({Allerdings wird Weiß auch nach
} 27... Kf8 28. h4 {nebst h4-h5-h6 auf die Dauer gewinnen.}) 28. Bb8 $1 f5 29.
gxf5 gxf5 30. f4 $1 Kf7 31. a4 Nd6 32. Bxd6 Ke6 33. Be5 Bxa4 34. Kf3 Bb3 35.
Kg3 Bc4 36. Bc2 b5 37. b4 Be2 38. Kh4 h6 39. Bg7 h5 40. Be5 Bf3 41. h3 Be4 42.
Bd1 Bd3 43. Kxh5 {2:08-1:56} 1-0